El Jesús histórico. Manual.
Saved in:
| Main Author: | |
|---|---|
| Other Authors: | , |
| Format: | Unknown |
| Published: |
Salamanca, España:
Ediciones Sígueme,
2012.
|
| Edition: | Cuarta edición. |
| Series: | Biblioteca de Estudios Bíblicos ;
|
| Subjects: | |
| Tags: |
Add Tag
No Tags, Be the first to tag this record!
|
MARC
| LEADER | 00000 a2200000 4500 | ||
|---|---|---|---|
| 003 | CL-VaPUC | ||
| 005 | 20231123122101.0 | ||
| 008 | 231115t2012 ||||| |||| 00| 0 eng d | ||
| 999 | |c 442352 |d 442350 | ||
| 020 | |a 9788430113491 | ||
| 040 | |c Pontificia Universidad Católica de Valparaíso | ||
| 082 | 7 | |a 232 THE 2012 |2 22 | |
| 100 | |a Theissen, Gerd |9 885646 |e autor | ||
| 245 | 1 | 3 | |a El Jesús histórico. |b Manual. |
| 250 | |a Cuarta edición. | ||
| 260 | |a Salamanca, España: |b Ediciones Sígueme, |c 2012. | ||
| 300 | |a 638 páginas. | ||
| 490 | |a Biblioteca de Estudios Bíblicos ; |n 100. | ||
| 583 | |k GC |c 20231115 | ||
| 600 | 0 | |a Jesucristo |9 885820 |x Historicidad | |
| 700 | |a Merz, Annette |9 501463 |e autora | ||
| 700 | |a Olasagasti, Manuel |e traductor |9 885905 | ||
| 942 | |2 ddc |c BK | ||
| 952 | |0 0 |1 0 |2 ddc |4 0 |6 232_000000000000000_THE_2012 |7 0 |8 A |9 592400 |a BIBTEO |b BIBTEO |c GEN |d 2023-11-10 |e 8 |g 52500.00 |i 5659424 |o 232 THE 2012 |p 5659424 |r 2025-01-17 |t 1 |v 52500.00 |w 2023-11-10 |y BK |k ICR | ||